• 首页
  • 本馆介绍
  • 公告通知
  • 最新文献
  • 馆藏检索
  • 电子资源
  • 读者导购
  • 参考咨询
  • 我的图书馆
  • 登录
  • 详细信息显示
  • 放入我的书架
  • 预约/预借图书
  • 作者相关作品
  • 分类相关作品
  • 丛书相关作品
  • 出版社相关作品

书目信息

  • 表格格式
  • 工作单格式
  • 卡片格式
题名:
汉语诗律学
    
 
作者: 王力 著
分册:  
出版信息: 上海   上海教育出版社  1979
页数: 980页
开本: 20cm
丛书名:
单 册:
中图分类: I207.21
科图分类:
主题词: 诗词格律--概论--中国
电子资源:
ISBN:
000 00594nam0 2200229 45
001 0179001782
005 20060914151607.06
010    @b精装@dCNY4.60
091    @a9150.20
100    @a19950718d1979 em y0chiy0121 ea
101 0  @achi
102    @aCN@b310000
105    @ay z 000zy
200 10 @a汉语诗律学@Ahan yu shi lv xue@f王力著@Fwang li zhu
205    @a新2版@b增订本
210    @a上海@c上海教育出版社@d1979
215    @a980页@d20cm
606    @a诗词格律@x概论@y中国
690    @aI207.21@v3
701  0 @a王力@Awang li@4著
801  0 @aCN@bNLC@c20060914
905    @dI207.21@e100=3
    
    汉语诗律学/王力著.-新2版,增订本.-上海:上海教育出版社,1979
    980页;20cm
    
    
    ISBN (精装):CNY4.60
    
●
相关链接 在E读中查询图书 在五车中查询图书 在当当中查询图书 在豆瓣中查询图书


正题名:汉语诗律学     索取号:I207.21/100=3         预约/预借

序号 登录号 条形码 馆藏地/架位号 状态 备注
1 0076486   000732229   第一样本阅览室/ [索取号:I207.21/100=3] 在馆    
2 0076487   001713391   密集书库/ [索取号:I207.21/100=3] 在馆    
3 0076488   000732201   第二借阅区/ [索取号:I207.21/100=3] 在馆    
4 0076489   000732238   密集书库/ [索取号:I207.21/100=3] 在馆    
5 0076490   001713355   密集书库/ [索取号:I207.21/100=3] 在馆    
6 0420586   204205868   密集书库/ [索取号:I207.21/100=3] 在馆    
7 0421009   204210095   密集书库/ [索取号:I207.21/100=3] 在馆    
8 0421010   204210102   密集书库/ [索取号:I207.21/100=3] 在馆    
9 0473712   204737124   密集书库/ [索取号:I207.21/100=3] 在馆    
10 0475205   204752053   密集书库/ [索取号:I207.21/100=3] 在馆    
11 0475623   204756237   密集书库/ [索取号:I207.21/100=3] 在馆    
欢迎您!
大连网信软件有限公司© 版权所有